Commercialisation of non-timber forest products : (Registro nro. 4548)
[ vista simple ]
| 000 -CABECERA | |
|---|---|
| Campo de control | 00851nam a2200253 a 4500 |
| 005 - FECHA Y HORA DE LA ULTIMA TRANSACCION | |
| Campo de control | 20200104041551.0 |
| 008 - ELEMENTOS DE LONGITUD FIJA—INFORMACION GENERAL | |
| Campo de control | 140317t2000 io do fr|||| 000 0 eng d |
| 020 ## - ISBN | |
| ISBN | 979876451X |
| 040 ## - FUENTE DE CATALOGACIÓN | |
| Agencia catalogadora original | CO-BoIAVH |
| Agencia transcriptora | CO-BoIAVH |
| 041 0# - IDIOMA | |
| Código de idioma para texto/pista de sonido o título separado | Inglés |
| 044 ## - PAÍS DE PUBLICACIÓN | |
| País de publicación | Indonesia |
| 082 04 - NUMERO DE CLASIFICACION DECIMAL DEWEY | |
| Número de clasificación | 634.98 |
| Número del ítem | N49c |
| 100 1# - ASIENTO PRINCIPAL--NOMBRE PERSONAL | |
| Nombre personal | Neumann, Roderick P. |
| 9 (RLIN) | 21986 |
| 245 10 - MENCION DE TITULO | |
| Título | Commercialisation of non-timber forest products : |
| Parte restante del título | review and analysis of research |
| 260 ## - PUBLICACION, DISTRIBUCION, ETC. (PIE DE IMPRENTA) | |
| Lugar de publicación, distribución, etc. | Indonesia : |
| Nombre del editor, distribuidor, etc. | CIFOR, |
| Fecha de publicación, distribución, etc. | 2000. |
| 300 ## - DESCRIPCION FISICA | |
| Extensión | 176 páginas : |
| Otros detalles físicos | Gráficos y fotografías ; |
| Dimensiones | 23 x 16 cm. |
| 504 ## - NOTA DE BIBLIOGRAFIA, ETC. | |
| Nota de bibliografía | Incluye referencias bibliográficas: páginas 149 - 172. |
| 650 16 - ASIENTO SECUNDARIO DE MATERIA - TERMINO TEMATICO | |
| Término temático o nombre geográfico como elemento de entrada | Productos forestales |
| 9 (RLIN) | 63353 |
| 650 16 - ASIENTO SECUNDARIO DE MATERIA - TERMINO TEMATICO | |
| Término temático o nombre geográfico como elemento de entrada | Productos forestales no maderables |
| 9 (RLIN) | 63354 |
| 651 26 - ASIENTO SECUNDARIO DE MATERIA - NOMBRE GEOGRAFICO | |
| Nombre geográfico | Desarrollo sostenible |
| 9 (RLIN) | 278 |
| 651 26 - ASIENTO SECUNDARIO DE MATERIA - NOMBRE GEOGRAFICO | |
| Nombre geográfico | Gestión ambiental |
| 9 (RLIN) | 92206 |
| 700 1# - ASIENTO SECUNDARIO - NOMBRE PERSONAL | |
| Nombre personal | Hirsch, Eric |
| 9 (RLIN) | 21987 |
| 942 ## - ELEMENTOS ADICIONALES (KOHA) | |
| Tipo de ítem | Libro |
| Sistema de clasificación | Dewey Decimal Classification |
| Withdrawn status | Lost status | Sistema de Clasificación | Damaged status | No para préstamo | Colección | Inventariado | Ubicación Permanente | Ubicación actual | Fecha de adquisición | Fuente de Valor | Valor | Total Checkouts | Número topográfico | Inventario / Código de Barras | Date last seen | Ejemplar | Price effective from | Forma de adquisición | Tipo de material |
|---|---|---|---|---|---|---|---|---|---|---|---|---|---|---|---|---|---|---|---|
| Dewey Decimal Classification | General | Inventariado 2017 | Bogotá | Bogotá | 13/06/2005 | Instituto | 30000.00 | LB-634.98 N49c | 019056 | 04/12/2012 | Ej. 1 | 04/12/2012 | Libro |